Statistics for English Football Nicknames By Picture

Click here to take the quiz!

General Stats

  • This quiz has been taken 36 times
  • The average score is 9 of 15

Answer Stats

Answer% Correct
West Ham(Hammers)
97%
Swansea(Swans)
94%
Leicester(Foxes)
94%
Derby(Rams)
83%
Everton(Toffees)
80%
Hull City(Tigers)
74%
Crystal Palace(Eagles)
71%
Bournemouth(Cherries)
69%
Watford(Hornets)
63%
Blackpool(Tangerines)
60%
Sheffield United(Blades)
46%
Huddersfield(Terriers)
43%
Shrewsbury(Shrews)
23%
Mansfield(Stags)
23%
Plymouth(Pilgrims)
14%

Score Distribution

Percentile by Number Answered

Percent of People with Each Score

Your Score History

You have not taken this quiz